Iglesia y liberación de los pueblos /

Gespeichert in:
Bibliographische Detailangaben
Körperschaft: Encuentro Internacional de Solidaridad Monseñor Oscar Arnulfo Romero ( Managua, Nicaragua)
Format: Tagungsbericht Buch
Sprache:Spanisch
Veröffentlicht: México : Nuevomar : Secretariado Internacional Cristiano de Solidaridad Monseñor Oscar A. Romero, 1984, c1984
Tags: Tag hinzufügen
Keine Tags, Fügen Sie das erste Tag hinzu!

MARC

LEADER 00000nam^a2200000^a^4500
001 000628405
005 20260226000000.0
009 20260310134111.907
020 |a 968-469-068-1 
037 |a Acervo Xavier Clavigero 
041 |a ESP 
091 |a FHG. 01391 
111 |a Encuentro Internacional de Solidaridad Monseñor Oscar Arnulfo Romero (  |n 5° :  |d 1984 :  |c Managua, Nicaragua) 
245 1 0 |a Iglesia y liberación de los pueblos / 
264 4 |a México :  |b Nuevomar :  |b Secretariado Internacional Cristiano de Solidaridad Monseñor Oscar A. Romero,  |c 1984, c1984 
300 |a 102 p. 
336 |a texto  |b txt  |2 rdacontenido 
337 |a sin mediación  |b n  |2 rdamedio 
338 |a volumen  |b nc  |2 rdasoporte 
649 |a XX 
910 |a Fondo Humberto García Bedoy S.J. 
920 |a Impresos - Libros 
930 |a Fondos Especiales 
905 |a 148 
901 |a 628696-10  |b IT2  |c ESP  |i D  |u 20260226 
902 |a https://opac.biblio.iteso.mx/vufind/Record/000628405